[Event "San Francisco cat 4th"]
[Site "San Francisco"]
[Date "2000.05.07"]
[Round "3"]
[White "Raspo, Emanuel"]
[Black "Depetris, Walter"]
[Result "0-1"]
[WhiteElo "511"]
[BlackElo "600"]
[PlyCount "110"]
[EventDate "2000.05.06"]
[EventType "team"]
[EventRounds "7"]
[EventCountry "ARG"]
[SourceTitle "EXT 2005"]
[Source "ChessBase"]
[SourceDate "2004.11.15"]
[SourceVersion "1"]
[SourceVersionDate "2004.11.15"]
[SourceQuality "1"]

1. e4 e5 2. Nf3 Nc6 3. Bb5 a6 4. Bxc6 bxc6 5. Nxe5 Qe7 6. f4 f6 7. Nd3 Qxe4+ 8. Qe2 f5 9. Nc5 Bxc5 10. Qxe4+ fxe4 11. d3 Nf6 12. dxe4 Nxe4 13. Nc3 Bb4 14. Bd2 Bxc3 15. Bxc3 Nxc3 16. bxc3 0-0 17. 0-0-0 Rxf4 18. g3 Rf3 19. Kb2 Rb8+ 20. Kc1 Rxc3 21. Rde1 Bb7 22. Rhf1 Rf8 23. Kd2 Rxf1 24. Rxf1 Ra3 25. Re1 c5 26. Re7 Bc6 27. Re8+ Kf7 28. Rc8 Rxa2 29. Rxc7 a5 30. Kc1 Ra1+ 31. Kb2 Rh1 32. Kb3 Rxh2 33. Ra7 a4+ 34. Kc4 Rxc2+ 35. Kd3 Ra2 36. g4 a3 37. g5 Ra1 38. Kc2 Rg1 39. Kb3 Ke6 40. Rxa3 Rg3+ 41. Ka2 Bd5+ 42. Kb2 Rxa3 43. Kxa3 c4 44. Kb2 h5 45. Kc2 h4 46. Kd2 h3 47. Ke2 h2 48. Ke3 h1Q 49. g6 Qe4+ 50. Kd2 Qd3+ 51. Kc1 Qe2 52. Kb1 Ke5 53. Kc1 Kd4 54. Kb1 Kc3 55. Ka1 Qb2# 0-1